000 00363cam a22001097a 4500
008 180718b xxu||||| |||| 00| 0 eng d
082 _aT3101x54 In2/1977
245 _aCompany rules and forms
_cby Ministry of Law, Justice & Company Affairs
260 _aNew Delhi
_bGovernment of India
_c
300 _a665+p
700 _aIndia. Ministry of Law, Justice & Company Affairs
999 _c497938
_d497938